000 00569nam a2200205 a 4500
001 0001-1538
003 ELIB.Books
008 170523 2010 eng
020 _a1566992893
092 _a253.028 Hud
100 _aHudson, Jill M.
245 _aWhen Better Isn't Enough
_bEvaluation Tools for the 21st- Century Church
260 _aHerndon
_bThe Alban Institute
_c2004
300 _a170
_c22.7 cm
650 _aClergy
942 _2ddc
_cBK
990 _a2
998 _aEnglishbooks.elf
_ccat
_e2017-05-23
_mcat
_u2017-07-31
999 _c11538
_d11538